000 00609nam a2200217Ia 4500
005 20260401130501.0
008 131103s9999 xx 000 0 und d
040 _aLoreto College
041 _aEnglish
082 _a822.3
_bKYD
100 _aKyd, Thomas
245 4 _aThe Spanish Tragedy
_ca play written by Thomas Kyd; edited with a preface notes and glossary by J. Schick
260 _aLondon
_bJ. M. Dent
_c1901
300 _axliii,146p.
504 _aIncludes glossary and notes
650 _aDrama
651 _aEnglish Drama
700 _aSchick, J. ; ed.
850 _aLCBED
942 _cBK
999 _c22596
_d73075